000 00719cam a2200253 4500
001 B2081
008 090401t1987 xxu||||| |||| 00| 0 eng d
035 _a(Sirsi) u47922
041 _aeng
050 _a692.8
090 _aJCT 1988/2AC
110 _aJoint Contracts Tribunal
_93664
245 _aStandard form of building contract with contractor`s design 1981 edition: practice note CD/1A
250 _aRev. ed.
260 _aLondon
_bRoyal Institute of British Architects
_c1987
300 _a12p. ; 30cm.
350 _a2.5
490 _aJCT Practice Note
_vCD/1A s
520 _aLoan copy is a photocopy
650 _aDESIGN AND BUILD CONTRACTS
650 _aJCT
942 _n0
948 _c04/03/1997
999 _c92247
_d92247